Most Famous US Sports Teams - Statistics

General Stats
  • This quiz has been taken 38 times
  • The average score is 13 of 15
Answer Stats
League Answer Fame Score % Correct
NBA Los Angeles Lakers 87%
97%
NFL New England Patriots 86%
97%
MLB New York Yankees 87%
97%
MLB Boston Red Sox 86%
94%
NFL Dallas Cowboys 93%
91%
NBA Chicago Bulls 86%
88%
NFL New York Giants 89%
88%
NFL Pittsburgh Steelers 88%
82%
MLB Chicago Cubs 85%
79%
NFL Kansas City Chiefs 88%
79%
NFL Miami Dolphins 89%
79%
MLB New York Mets 87%
79%
NFL San Francisco 49ers 87%
79%
NFL Chicago Bears 89%
76%
NFL Seattle Seahawks 85%
73%
No matching quizzes found
Score Distribution
Percent of People with Each Score
Percentile by Number Answered
Your Score History
You have not taken this quiz